All about things people do / (Record no. 1989)

MARC details
000 -LEADER
fixed length control field 01362cam a2200361 a 4500
001 - CONTROL NUMBER
control field 1989
003 - CONTROL NUMBER IDENTIFIER
control field FISKH
005 - DATE AND TIME OF LATEST TRANSACTION
control field 20250513102850.0
008 - FIXED-LENGTH DATA ELEMENTS--GENERAL INFORMATION
fixed length control field 890706t19901989nyua j 001 0 eng
010 ## - LIBRARY OF CONGRESS CONTROL NUMBER
LC control number 89037436
020 ## - INTERNATIONAL STANDARD BOOK NUMBER
International Standard Book Number 0385267568
020 ## - INTERNATIONAL STANDARD BOOK NUMBER
International Standard Book Number 9780590451642
040 ## - CATALOGING SOURCE
Original cataloging agency DLC
Transcribing agency DLC
Modifying agency DLC
Language of cataloging eng
042 ## - AUTHENTICATION CODE
Authentication code lcac
050 00 - LIBRARY OF CONGRESS CALL NUMBER
Classification number HF5381.2
Item number .R53 1990
082 00 - DEWEY DECIMAL CLASSIFICATION NUMBER
Classification number 331.7/02
Edition number 20
100 1# - MAIN ENTRY--PERSONAL NAME
Personal name Rice, Melanie,
Dates associated with a name 1952-
245 10 - TITLE STATEMENT
Title All about things people do /
Statement of responsibility, etc. Melanie & Chris Rice ; illustrated by Lesley Smith.
260 ## - PUBLICATION, DISTRIBUTION, ETC.
Place of publication, distribution, etc. New York :
Name of publisher, distributor, etc. Scholastic,
Date of publication, distribution, etc. 1989.
300 ## - PHYSICAL DESCRIPTION
Extent 45 pages :
Other physical details color illustrations ;
Dimensions 28 cm
505 ## - FORMATTED CONTENTS NOTE
Formatted contents note R<br/>
520 ## - SUMMARY, ETC.
Summary, etc. Describes what people do in different jobs, such as pilots, athletes, and hairdressers; what different places look like, from factories, to schools, to theaters; and how things are made, including cars, clay pots, and buildings.
521 8# - TARGET AUDIENCE NOTE
Target audience note 720<br/>
Source Lexile<br/>
521 8# - TARGET AUDIENCE NOTE
Target audience note R<br/>
Source Raz-Plus
650 #0 - SUBJECT ADDED ENTRY--TOPICAL TERM
Topical term or geographic name entry element Occupations
General subdivision Juvenile literature.
650 #0 - SUBJECT ADDED ENTRY--TOPICAL TERM
Topical term or geographic name entry element Professions
General subdivision Juvenile literature.
650 #1 - SUBJECT ADDED ENTRY--TOPICAL TERM
Topical term or geographic name entry element Occupations.
700 1# - ADDED ENTRY--PERSONAL NAME
Personal name Rice, Christopher.
Dates associated with a name Author
700 1# - ADDED ENTRY--PERSONAL NAME
Personal name Smith, Lesley,
Relator term illustrator
906 ## - LOCAL DATA ELEMENT F, LDF (RLIN)
a 7
b cbc
c orignew
d 1
e ocip
f 19
g y-gencatlg
942 ## - ADDED ENTRY ELEMENTS (KOHA)
Source of classification or shelving scheme Dewey Decimal Classification
Koha item type Books
Suppress in OPAC No
Holdings
Withdrawn status Lost status Source of classification or shelving scheme Damaged status Not for loan Collection Home library Current library Shelving location Date acquired Total Checkouts Full call number Barcode Date last seen Price effective from Koha item type Copy number
    Dewey Decimal Classification     Non-Fiction Footprints International School Library Network Toul Kork Campus Footprints International School Library Network Toul Kork Campus TK Primary Library Room(4th Floor), Bookcase 5&6, Shelves 33-56, Orange Books 10/24/2023   RIC 331.7 HF5381.R53 FISBK06188 10/24/2023 10/24/2023 Books  
    Dewey Decimal Classification     Non-Fiction Footprints International School Library Network Toul Tom Poung Campus Footprints International School Library Network Toul Tom Poung Campus TTP Primary Orange Bookshelves 05/13/2025   RIC 331.7 HF5381.R53 2025-1298 05/13/2025 05/13/2025 Books 2